[Event "CUB-ch 1/2 final"]
[Site "Villa Clara"]
[Date "1995.11.16"]
[Round "1"]
[White "Delgado, M"]
[Black "Li, M"]
[Result "1/2-1/2"]
[WhiteElo "2135"]
[BlackElo "2365"]

1. e4 g6 2. d4 c6 3. f4 d5 4. e5 h5 5. Nf3 Nh6 6. c3 e6 7. b3 c5 8. Be2 Nf5
9. O-O Nc6 10. Qd2 Qb6 11. Bb2 a5 12. Rd1 a4 13. Na3 Bd7 14. Nc2 Be7 15.
Ba3 axb3 16. axb3 O-O 17. Kh1 cxd4 18. Nfxd4 Ncxd4 19. cxd4 Bxa3 20. Nxa3
Qxb3 21. Nc2 Rxa1 22. Rxa1 Qb2 23. Qd1 Bb5 24. Bxb5 Qxb5 25. Rb1 Qa4 26.
Rb4 Qa6 27. Rb3 Rc8 28. Rd3 Qa4 29. Rd2 b5 30. Kg1 Rc3 31. Kf2 Qc4 32. g3
b4 33. Qb1 b3 34. Na3 Qb4 35. Qb2 Nxd4 36. Nb1 Rc4 37. Na3 Nc2 38. Nxc4
dxc4 39. Rxc2 Qc5+ 40. Ke2 bxc2 41. Qxc2 Qd5 42. Ke3 Kg7 43. Qc3 h4 44. Qa3
h3 45. g4 g5 46. Qc3 Qd3+ 47. Qxd3 cxd3 48. Kxd3 f6 49. Ke4 gxf4 50. Kxf4
fxe5+ 51. Kxe5 Kg6 1/2-1/2

[Event "CUB-ch 1/2 final"]
[Site "Villa Clara"]
[Date "1995.11.16"]
[Round "1"]
[White "Vilela, JL"]
[Black "Castella, F"]
[Result "1/2-1/2"]
[WhiteElo "2425"]
[BlackElo "2285"]

1. d4 Nf6 2. c4 g6 3. Nc3 Bg7 4. e4 d6 5. Bd3 O-O 6. Nge2 Nc6 7. O-O e5 8.
d5 Nd4 9. Nxd4 exd4 10. Nb5 Re8 11. Re1 Nd7 12. Bc2 Ne5 13. Nxd4 Nxc4 14.
Ba4 Bd7 15. Bxd7 Qxd7 16. b3 Nb6 17. Bb2 Re7 18. Qd2 c5 19. dxc6 bxc6 20.
Rad1 Rae8 21. Nf5 gxf5 22. Bxg7 Kxg7 23. Qg5+ Kf8 24. Qh6+ Kg8 25. Qg5+
1/2-1/2

[Event "CUB-ch 1/2 final"]
[Site "Villa Clara"]
[Date "1995.11.16"]
[Round "1"]
[White "Gonzales, R"]
[Black "Martinez, B"]
[Result "1-0"]
[WhiteElo "2390"]
[BlackElo "2205"]

1. e4 e5 2. Nf3 d6 3. Bc4 Be7 4. d4 exd4 5. Nxd4 Nf6 6. Nc3 O-O 7. Bb3 Na6
8. O-O Nc5 9. Re1 Re8 10. Qf3 Nxb3 11. axb3 Ng4 12. h3 Ne5 13. Qd1 c6 14.
Bf4 Bh4 15. Nf3 Qf6 16. Bxe5 dxe5 17. Qd2 h6 18. Na4 Rb8 19. Nc5 a6 20. Re3
Qe7 21. Nd3 Bf6 22. Qa5 b6 23. Qc3 Bb7 24. b4 Rbd8 25. Ree1 g6 26. Qd2 Bg7
27. Qe3 Qc7 28. Nd2 Rd4 29. c3 Rd7 30. Nc4 Red8 31. Nc1 c5 32. bxc5 Bf8 33.
Nd6 bxc5 34. Nc4 Bc6 35. Qg3 Bg7 36. Nb3 Rd3 37. Qh4 Bb5 38. Ne3 c4 39. Na5
R8d7 40. Nd5 Qc5 41. b3 g5 42. Qh5 R7xd5 43. exd5 cxb3 44. Nxb3 Qxd5 45.
Nc1 Bc6 46. Qg4 f5 47. c4 Qd7 48. Qh5 Rd6 49. Nb3 Qb7 50. Na5 Qc7 51. Ra2
Kh7 52. Rd1 Be8 53. Qe2 Rxd1+ 54. Qxd1 Bf7 55. Qf3 Kg6 56. g4 Be6 57. gxf5+
Bxf5 58. Qc6+ Qxc6 59. Nxc6 Bd3 60. Rxa6 Kf5 61. Ra7 Bf6 62. c5 e4 63. Nb4
Bd4 64. c6 Ke6 65. Rd7 1-0

[Event "CUB-ch 1/2 final"]
[Site "Villa Clara"]
[Date "1995.11.16"]
[Round "1"]
[White "Sariego, W"]
[Black "Cabrera, A"]
[Result "1-0"]
[WhiteElo "2420"]
[BlackElo "2275"]

1. e4 c5 2. c3 b6 3. d4 Bb7 4. Bd3 Nf6 5. Nd2 cxd4 6. cxd4 Nc6 7. Qa4 e5 8.
Ngf3 exd4 9. O-O Bc5 10. a3 O-O 11. b4 Bd6 12. b5 Ne5 13. Nxe5 Bxe5 14. f4
Bc7 15. Qxd4 d5 16. e5 Ne4 17. Nf3 Nc5 18. Bb2 Qd7 19. Rad1 Bd8 20. Rfe1
Nxd3 21. Qxd3 Qg4 22. Qe3 Be7 23. Kh1 Rac8 24. Nd4 Rc4 25. h3 Qh5 26. f5
Re8 27. Qd3 Qh4 28. f6 Bf8 29. Nf5 Qg5 30. fxg7 Bxa3 31. e6 Re4 32. Rxe4
fxe6 33. Qxa3 dxe4 34. Nd6 Rd8 35. Rf1 Bd5 36. Rf8+ Rxf8 37. gxf8=Q+ Kxf8
38. Nxe4+ Qe7 39. Qxe7+ Kxe7 40. Nc3 Kd6 41. Kg1 Bc4 42. Ba3+ Ke5 43. Bb2
Kd4 44. Kf2 Kd3 45. g4 e5 46. g5 e4 47. h4 e3+ 48. Ke1 Bf7 49. Ne2 Ke4 50.
Bf6 Be8 51. h5 Bf7 52. h6 Be8 53. Nd4 Kd3 54. Nc6 a5 55. bxa6 Bxc6 56. g6
1-0

[Event "CUB-ch 1/2 final"]
[Site "Villa Clara"]
[Date "1995.11.16"]
[Round "1"]
[White "Diaz Perez, J"]
[Black "Pecorelli Garcia, H"]
[Result "1-0"]
[WhiteElo "2230"]
[BlackElo "2400"]

1. e4 e6 2. d3 d5 3. Nd2 Nf6 4. Ngf3 Nc6 5. c3 a5 6. a4 e5 7. Be2 Be7 8.
O-O O-O 9. h3 Re8 10. Qc2 b6 11. Rd1 Ba6 12. Bf1 Bf8 13. d4 Bxf1 14. Kxf1
exd4 15. e5 Nxe5 16. Nxd4 Qc8 17. Kg1 g6 18. Nf1 Qa6 19. Bf4 Rac8 20. Ne3
c6 21. g4 Qa8 22. b3 c5 23. Bxe5 Rxe5 24. Nf3 Ree8 25. Qd3 Rcd8 26. Ng2 c4
27. Qc2 Ne4 28. Rab1 Bc5 29. Nd4 cxb3 30. Rxb3 Ng5 31. Qd3 Ne6 32. Qd2 Qc8
33. Kh1 Nxd4 34. cxd4 Bb4 35. Qf4 Qc2 36. Rdd3 Re4 37. Qf3 Qe2 38. Rd1 Qa2
39. Re3 Qxa4 40. Rc1 Rxd4 41. Qf6 Rd1+ 42. Kh2 Rd6 43. Rc8+ 1-0

[Event "CUB-ch 1/2 final"]
[Site "Villa Clara"]
[Date "1995.11.16"]
[Round "1"]
[White "Espinosa, J"]
[Black "Chacon, J"]
[Result "1-0"]
[WhiteElo "2380"]
[BlackElo "2160"]

1. e4 c5 2. Nf3 Nf6 3. d3 d6 4. Nbd2 g6 5. g3 Bg7 6. Bg2 Nc6 7. O-O O-O 8.
c3 e5 9. Qe2 h6 10. Rd1 Qe7 11. a4 Ne8 12. Nc4 Be6 13. Ne3 Rc8 14. Nd2 f5
15. Nd5 Qf7 16. Nc4 Bxd5 17. exd5 Ne7 18. f4 exf4 19. Bxf4 Rd8 20. Qe6 g5
21. Re1 Qxe6 22. Rxe6 Nc8 23. Bd2 Nc7 24. Re2 Rde8 25. Rf2 Rf6 26. Raf1
Ref8 27. Be3 b5 28. axb5 Nxb5 29. h4 gxh4 30. gxh4 R8f7 31. Bf4 Bf8 32. Kh2
Nc7 33. Ne3 Ne8 34. Bh3 Ng7 35. Bg3 Ne7 36. h5 Nxh5 37. Bh4 Rg6 38. Nxf5
Nxf5 39. Bxf5 Rxf5 40. Rxf5 1-0

[Event "CUB-ch 1/2 final"]
[Site "Villa Clara"]
[Date "1995.11.16"]
[Round "1"]
[White "Vega, L"]
[Black "Herrera, I"]
[Result "1-0"]
[WhiteElo "2270"]
[BlackElo "2410"]

1. e4 c5 2. d4 cxd4 3. c3 d3 4. c4 g6 5. Bxd3 Bg7 6. Ne2 Nf6 7. Nbc3 Nc6 8.
O-O O-O 9. h3 d6 10. Be3 b6 11. Rc1 Bb7 12. b3 Nd7 13. Qd2 Nc5 14. Bb1 a5
15. Rfe1 Bc8 16. Ng3 a4 17. Bxc5 Bxc3 18. Rxc3 dxc5 19. Qh6 Qd4 20. Rd3 Qg7
21. Qh4 Kh8 22. f4 f6 23. e5 fxe5 24. fxe5 Be6 25. Ne4 Bf5 26. Rde3 Nd4 27.
Ng3 Bxb1 28. Rxb1 axb3 29. axb3 Ra2 30. Kh1 Rff2 31. Rg1 Qf8 32. Ne4 Nf5
33. Qg5 h6 34. Qxg6 Nxe3 35. Nxf2 Rxf2 36. Qe4 Nf5 37. Qc6 Ng3+ 38. Kh2 Ne2
39. Ra1 Qf4+ 1-0

[Event "CUB-ch 1/2 final"]
[Site "Villa Clara"]
[Date "1995.11.16"]
[Round "1"]
[White "Cruz Lima, J"]
[Black "Paneque, P"]
[Result "0-1"]
[WhiteElo "2270"]
[BlackElo "2415"]

1. e4 e6 2. d4 d5 3. Nd2 c5 4. exd5 exd5 5. Bb5+ Nc6 6. Qe2+ Be7 7. dxc5
Nf6 8. Nb3 O-O 9. Be3 a5 10. Nf3 a4 11. Nbd4 Qc7 12. O-O Re8 13. b4 axb3
14. cxb3 Bxc5 15. Qc2 Bxd4 16. Bxd4 Ne4 17. Rfc1 Bd7 18. Qb2 f6 19. Be3
Rad8 20. a4 Qd6 21. Rd1 Kh8 22. Nd2 Qe7 23. Nxe4 dxe4 24. Bxc6 Bxc6 25. Qc3
Qf7 26. Bb6 Rc8 27. Qe3 f5 28. g3 f4 29. Qxf4 Qxb3 30. Qe3 Qe6 31. Rd4 Bd5
32. a5 Bc6 33. Rad1 h6 34. Re1 Bd5 35. Red1 Bc6 36. Rd6 Qh3 37. Bd4 Re6 38.
Rxe6 Qxe6 39. Bb6 Qe7 40. Re1 Qf7 41. Rc1 Qd5 42. Qd4 Qh5 43. Qe3 Qg6 44.
Rc5 Rf8 45. Rc3 Rf3 46. Qc1 Rd3 47. Be3 Qh5 48. Rxd3 exd3 49. f4 Qf3 50.
Qd2 Qh1+ 51. Kf2 Qxh2+ 52. Kf1 Qh3+ 0-1

[Event "CUB-ch 1/2 final"]
[Site "Villa Clara"]
[Date "1995.11.16"]
[Round "1"]
[White "Ibanez, D"]
[Black "Diaz, JC"]
[Result "0-1"]
[WhiteElo "2290"]
[BlackElo "2435"]

1. e4 c5 2. Nf3 d6 3. d4 cxd4 4. Nxd4 Nf6 5. Nc3 g6 6. Bc4 Bg7 7. h3 O-O 8.
Bb3 Nbd7 9. O-O Nc5 10. Re1 a6 11. Bg5 h6 12. Bh4 g5 13. Bg3 e5 14. Nf5
Bxf5 15. exf5 Qd7 16. Nd5 Nxb3 17. axb3 Nxd5 18. Qxd5 Qxf5 19. c4 Rab8 20.
Qxd6 Rfd8 21. Qb6 Rd7 22. Rad1 f6 23. b4 Rc8 24. b5 axb5 25. Qxb5 Rxd1 26.
Rxd1 Qc2 27. Rd7 Qxc4 28. Qxb7 Bf8 29. Qf3 Qe6 30. Ra7 e4 31. Qe2 f5 32.
Bc7 Qc6 33. Be5 Qc1+ 34. Qf1 Qxf1+ 35. Kxf1 Rc1+ 36. Ke2 Rc2+ 37. Ke1 Bc5
38. Rg7+ Kf8 39. Rb7 Bxf2+ 40. Kf1 Bc5 41. Bc7 Ke7 42. Ba5+ Kd6 43. Bc3 Kd5
44. Bg7 h5 45. Bf6 g4 46. hxg4 hxg4 47. Bg5 Bd6 0-1

[Event "CUB-ch 1/2 final"]
[Site "Villa Clara"]
[Date "1995.11.16"]
[Round "1"]
[White "Benzanilla, A"]
[Black "Sieiro Gonzalez, L"]
[Result "0-1"]
[WhiteElo "2185"]
[BlackElo "2380"]

1. d4 d5 2. c4 e6 3. Nc3 Nf6 4. cxd5 exd5 5. Bg5 Be7 6. e3 Nbd7 7. Bd3 c6
8. Qc2 Nh5 9. Bxe7 Qxe7 10. Nge2 g6 11. O-O-O Nb6 12. Kb1 Be6 13. h3 O-O-O
14. Na4 Nxa4 15. Qxa4 Kb8 16. Rc1 Ng7 17. Nf4 Bd7 18. Rc3 g5 19. Ne2 Be8
20. Rhc1 h5 21. R1c2 Rh6 22. Nc1 Rhd6 23. Ra3 b6 24. Qa6 Qb7 25. Qxb7+ Kxb7
26. Ba6+ Kb8 27. Nd3 f6 28. Rac3 Ne6 29. Nb4 c5 30. dxc5 bxc5 31. Rxc5 Nxc5
32. Rxc5 d4 33. exd4 Rxd4 34. a3 Rd2 35. Bb5 Rxf2 36. Bc6 Rd1+ 37. Ka2 Bf7+
0-1

[Event "CUB-ch 1/2 final"]
[Site "Villa Clara"]
[Date "1995.11.16"]
[Round "1"]
[White "Hernandez, Ama"]
[Black "Medina, M"]
[Result "0-1"]
[WhiteElo "2205"]
[BlackElo "2390"]

1. e4 e6 2. d4 d5 3. Nd2 Nf6 4. e5 Nfd7 5. c3 c5 6. f4 Nc6 7. Ndf3 Qb6 8.
Ne2 f6 9. a3 Be7 10. Rb1 O-O 11. exf6 Nxf6 12. b4 Ne4 13. Qd3 c4 14. Qc2 e5
15. b5 Nxd4 16. Nexd4 exd4 17. Nxd4 Bf6 18. Be3 Re8 19. Be2 Nxc3 20. Qxc3
Bf5 21. Rd1 Bd3 22. Rxd3 cxd3 23. Qxd3 Rxe3 24. Qxe3 Bxd4 25. Qf3 Qc5 26.
Kf1 Re8 27. Qd3 Qc1+ 28. Bd1 Qxf4+ 29. Bf3 Qc1+ 30. Qd1 Qb2 31. Be2 Rf8+
0-1

[Event "CUB-ch 1/2 final"]
[Site "Villa Clara"]
[Date "1995.11.17"]
[Round "2"]
[White "Chacon, J"]
[Black "Ibanez, D"]
[Result "1/2-1/2"]
[WhiteElo "2160"]
[BlackElo "2290"]

1. d4 e6 2. c4 f5 3. Nf3 Nf6 4. g3 d5 5. Bg2 Be7 6. O-O O-O 7. b3 Qe8 8.
Nbd2 Nbd7 9. Bb2 Ne4 10. Rc1 c6 11. e3 Ndf6 12. Ne5 Kh8 13. Ndf3 Qh5 14.
Ne1 Qh6 15. N1d3 Bd7 16. Rc2 Be8 17. Bc1 g5 18. f3 Nd6 19. Qe1 Qg7 20. c5
Nf7 21. e4 fxe4 22. fxe4 Nxe5 23. Nxe5 dxe4 24. Rcf2 Rd8 25. Be3 Bh5 26.
Bh3 Nd5 27. Rxf8+ Rxf8 28. Rxf8+ Bxf8 29. b4 Nf4 30. Bf1 Be7 31. Qd2 Nd5
32. Bg2 Bf6 33. Bxe4 Nxe3 34. Qxe3 Bxe5 35. dxe5 Qxe5 36. Qf2 Kg7 37. Bc2
Be2 38. Bb3 g4 39. Qf4 Qxf4 40. gxf4 Kf6 41. Kf2 Bd3 42. Ke3 Bg6 43. a4 a6
44. a5 h5 45. Bc4 Be8 46. Be2 e5 47. Ke4 Bg6+ 48. Ke3 Bf5 49. Bf1 Be6 50.
Bg2 Bc4 51. Be4 h4 52. Bg2 Be6 53. Be4 Bd7 54. Bg2 Be6 55. Be4 Bc4 56. Bg2
Bb5 57. Be4 Bf1 58. Kf2 Bh3 59. f5 g3+ 60. hxg3 hxg3+ 61. Kxg3 Bxf5 62. Bg2
Ke6 63. Kf2 1/2-1/2

[Event "CUB-ch 1/2 final"]
[Site "Villa Clara"]
[Date "1995.11.17"]
[Round "2"]
[White "Blanco Fernandez, A"]
[Black "Delgado, M"]
[Result "1/2-1/2"]
[WhiteElo "2450"]
[BlackElo "2135"]

1. e4 c5 2. Nf3 e6 3. c3 d5 4. e5 Nc6 5. d4 Bd7 6. Be2 Nge7 7. dxc5 Ng6 8.
Be3 Ncxe5 9. Nxe5 Nxe5 10. O-O Be7 11. Nd2 O-O 12. f4 Ng6 13. Bd3 Qc7 14.
b4 b6 15. Nb3 Ba4 16. Qd2 Bxb3 17. cxb6 axb6 18. axb3 Bf6 19. Rxa8 Rxa8 20.
Rc1 Rc8 21. Ba6 Ra8 22. Bb5 Rc8 23. Ba6 Ra8 24. b5 Nf8 25. c4 d4 26. Bf2 e5
27. fxe5 Bxe5 28. g3 Ne6 29. b4 h6 30. Qd3 Ng5 31. h4 Ne6 32. Kg2 Rb8 33.
Qe4 Bd6 34. c5 bxc5 35. bxc5 Bxc5 36. Bxd4 Nxd4 37. Qxd4 Qxg3+ 38. Kxg3
Bxd4 39. h5 g6 40. hxg6 fxg6 41. Rc8+ Rxc8 42. Bxc8 Kf7 43. Bb7 Kf6 44. Be4
h5 45. b6 Bxb6 46. Bxg6 Kxg6 1/2-1/2

[Event "CUB-ch 1/2 final"]
[Site "Villa Clara"]
[Date "1995.11.17"]
[Round "2"]
[White "Armas, J"]
[Black "Garcia, Os"]
[Result "1/2-1/2"]
[WhiteElo "2425"]
[BlackElo "2345"]

1. g3 Nf6 2. Bg2 g6 3. f4 Bg7 4. Nf3 O-O 5. O-O c5 6. d3 d5 7. Nc3 d4 8.
Ne4 Nxe4 9. dxe4 Nc6 10. Kh1 e5 11. f5 gxf5 12. Nh4 fxe4 13. Bxe4 Ne7 14.
Qd3 Kh8 15. Nf5 Nxf5 16. Bxf5 Bxf5 17. Rxf5 Qd5+ 18. e4 Qc6 19. Bg5 c4 20.
Qf3 f6 21. Bd2 c3 22. bxc3 dxc3 23. Be3 Qa4 24. Rh5 f5 25. exf5 Qxc2 26. g4
Rad8 27. Rc1 e4 28. Rxh7+ Kg8 29. Qf1 Qd3 30. Rxg7+ Kxg7 31. Qf4 Qe2 32.
Qh6+ 1/2-1/2

[Event "CUB-ch 1/2 final"]
[Site "Villa Clara"]
[Date "1995.11.17"]
[Round "2"]
[White "Castella, F"]
[Black "Leyva, H"]
[Result "1/2-1/2"]
[WhiteElo "2285"]
[BlackElo "2405"]

1. e4 c6 2. d4 d5 3. e5 Bf5 4. Nf3 e6 5. Be2 Nd7 6. O-O Ne7 7. Nh4 Bg6 8.
Nd2 c5 9. c3 Nc6 10. Nxg6 hxg6 11. Nf3 Be7 12. Be3 cxd4 13. cxd4 O-O 14.
Bd3 Qb6 15. Qd2 Rfc8 16. Rac1 Qd8 17. g3 Nb6 18. b3 Ba3 19. Rcd1 a5 20. Bg5
Be7 21. Bxe7 Qxe7 22. a4 Rc7 23. Bb5 Nb4 24. Qf4 Nc6 25. Kg2 Nd7 26. h4 Nf8
27. Rh1 f6 28. Rc1 Rac8 29. Bxc6 1/2-1/2

[Event "CUB-ch 1/2 final"]
[Site "Villa Clara"]
[Date "1995.11.17"]
[Round "2"]
[White "Perez, Ro"]
[Black "Sariego, W"]
[Result "1/2-1/2"]
[WhiteElo "2335"]
[BlackElo "2420"]

1. c4 e5 2. g3 Nf6 3. Bg2 d5 4. cxd5 Nxd5 5. Nc3 Nb6 6. Nf3 Nc6 7. O-O Be7
8. Rb1 O-O 9. b4 a6 10. a4 Bf5 11. b5 axb5 12. axb5 Nd4 13. d3 Bd6 14. Be3
Nxf3+ 15. Bxf3 Ra3 16. Rb3 Rxb3 17. Qxb3 Bc8 18. Ra1 Nd7 19. Ne4 Nf6 20.
Nc5 b6 21. Nb7 Bxb7 22. Bxb7 Ng4 23. Ra8 Qf6 24. Rxf8+ Kxf8 25. Qa4 Nxe3
26. fxe3 Bc5 27. Qe4 g6 28. Kg2 1/2-1/2

[Event "CUB-ch 1/2 final"]
[Site "Villa Clara"]
[Date "1995.11.17"]
[Round "2"]
[White "Fuentes, L"]
[Black "Vilela, JL"]
[Result "1/2-1/2"]
[WhiteElo "2295"]
[BlackElo "2425"]

1. d4 d5 2. Nf3 Nf6 3. Bg5 Nbd7 4. Nbd2 c5 5. e3 Qb6 6. Rb1 Ne4 7. Bd3 Nxg5
8. Nxg5 Nf6 9. c3 g6 10. O-O Bg7 11. b4 cxd4 12. cxd4 O-O 13. Qb3 Bd7 14.
Ngf3 Rfc8 15. a4 Rc7 16. Rfc1 Rac8 17. Rc5 Qd6 18. Ne5 b6 19. Rxc7 Rxc7 20.
h3 e6 1/2-1/2

[Event "CUB-ch 1/2 final"]
[Site "Villa Clara"]
[Date "1995.11.17"]
[Round "2"]
[White "Diaz, JC"]
[Black "Espinosa, J"]
[Result "1/2-1/2"]
[WhiteElo "2435"]
[BlackElo "2380"]

1. e4 e5 2. Nf3 d6 3. d4 Nf6 4. Nc3 exd4 5. Nxd4 Be7 6. g3 d5 7. e5 Ne4 8.
Bg2 Nxc3 9. bxc3 O-O 10. O-O Nc6 11. Re1 Re8 12. h4 Nxd4 13. cxd4 c6 14. h5
Qa5 15. Re3 Qa4 16. Qd3 Be6 1/2-1/2

[Event "CUB-ch 1/2 final"]
[Site "Villa Clara"]
[Date "1995.11.17"]
[Round "2"]
[White "Nunez, An"]
[Black "Alvarez, J"]
[Result "1/2-1/2"]
[WhiteElo "2270"]
[BlackElo "2390"]

1. Nf3 d5 2. d4 e6 3. c4 c5 4. e3 cxd4 5. exd4 Nf6 6. Nc3 Be7 7. Bd3 O-O 8.
O-O dxc4 9. Bxc4 Nc6 10. a3 b6 11. Qd3 Bb7 12. Rd1 Qd6 13. Qe2 Na5 14. Ba2
1/2-1/2

[Event "CUB-ch 1/2 final"]
[Site "Villa Clara"]
[Date "1995.11.17"]
[Round "2"]
[White "Herrera, I"]
[Black "Diaz Perez, J"]
[Result "1-0"]
[WhiteElo "2410"]
[BlackElo "2230"]

1. e4 Nf6 2. e5 Nd5 3. d4 d6 4. Nf3 Bg4 5. Be2 e6 6. O-O Be7 7. c4 Nb6 8.
Nc3 O-O 9. Be3 d5 10. c5 Bxf3 11. gxf3 Nc8 12. f4 f5 13. Kh1 Kh8 14. Rg1
Rg8 15. Qd2 b6 16. b4 Nc6 17. Na4 Bh4 18. Rac1 N8e7 19. Nb2 Qb8 20. b5 Nd8
21. Nd3 Nf7 22. Ne1 Nc8 23. Nf3 Be7 24. Rg3 Nd8 25. Qc2 a6 26. cxb6 cxb6
27. bxa6 Na7 28. a4 Ndc6 29. Bd2 Rc8 30. Qb2 Qc7 31. Bb5 Qd8 32. Rgg1 Rc7
33. Bxc6 Rxc6 34. Rxc6 Nxc6 35. Rc1 Na7 36. Rc2 h6 37. Bb4 Rc8 38. Rxc8
Nxc8 39. Bxe7 Qxe7 40. Qb5 Kg8 41. Qc6 Na7 42. Qxb6 Kf7 43. Qb7 Ke8 44. a5
Kd8 45. Qb6+ Ke8 46. Nd2 Nc8 47. Qb7 Kd8 48. Nb3 Na7 49. Qb8+ Nc8 50. Nc5
1-0

[Event "CUB-ch 1/2 final"]
[Site "Villa Clara"]
[Date "1995.11.17"]
[Round "2"]
[White "Pecorelli Garcia, H"]
[Black "Vega, L"]
[Result "1-0"]
[WhiteElo "2400"]
[BlackElo "2270"]

1. Nf3 Nf6 2. c4 g6 3. b4 Bg7 4. Bb2 O-O 5. e3 a5 6. b5 d6 7. d4 e5 8. Be2
Nbd7 9. Nc3 Re8 10. O-O b6 11. Qc2 Bb7 12. Rad1 exd4 13. exd4 Ne4 14. Rfe1
Ndf6 15. d5 Nc5 16. Nd4 Qd7 17. h3 Re7 18. Nc6 Bxc6 19. bxc6 Qe8 20. Nb5
Rc8 21. Kf1 Qf8 22. Bf3 Rce8 23. Rxe7 Rxe7 24. Ba3 Ne8 25. g3 Be5 26. Kg2
Qg7 27. h4 h5 28. Bc1 Bf6 29. Bf4 Qf8 30. Kh2 Be5 31. Bg5 Bf6 32. Bc1 Qg7
33. Na7 Bc3 34. Nc8 Re1 35. Rxe1 Bxe1 36. Bb2 Qf8 37. Qe2 Na4 38. Bc1 Bc3
39. Qc2 Nf6 40. Na7 Bd4 41. Qxa4 1-0

[Event "CUB-ch 1/2 final"]
[Site "Villa Clara"]
[Date "1995.11.17"]
[Round "2"]
[White "Martinez, B"]
[Black "Alonso, Re"]
[Result "1-0"]
[WhiteElo "2205"]
[BlackElo "2410"]

1. Nf3 Nf6 2. g3 g6 3. Bg2 Bg7 4. O-O O-O 5. d4 d5 6. c4 c6 7. b3 a5 8. Nc3
Na6 9. Bb2 e6 10. Rc1 Rb8 11. c5 Nd7 12. Na4 f6 13. Bc3 e5 14. Qd2 e4 15.
Ne1 f5 16. f4 exf3 17. exf3 Ra8 18. Nd3 Nc7 19. Bxa5 Bxd4+ 20. Kh1 Be3 21.
Qxe3 Rxa5 22. Rfe1 Re8 23. Qd2 Rxe1+ 24. Rxe1 Ra7 25. Nf4 Nf8 26. Nb6 Na8
27. Nxc8 Qxc8 28. Re7 Nc7 29. Qd4 Ne8 30. Qe5 Ra8 31. Nxd5 Nd7 32. Qe6+ Kh8
33. Qf7 1-0

[Event "CUB-ch 1/2 final"]
[Site "Villa Clara"]
[Date "1995.11.17"]
[Round "2"]
[White "Li, M"]
[Black "Larduet, C"]
[Result "1-0"]
[WhiteElo "2365"]
[BlackElo "2295"]

1. d4 Nf6 2. g3 g6 3. Bg2 Bg7 4. e4 d6 5. Nc3 O-O 6. Nge2 c5 7. d5 Na6 8.
Bf4 Nc7 9. a4 b6 10. O-O a6 11. Qd2 Rb8 12. Bh6 b5 13. Bxg7 Kxg7 14. axb5
axb5 15. b4 Na6 16. bxc5 Nxc5 17. Nd4 Bd7 18. Nc6 Bxc6 19. dxc6 Rb6 20. Ra7
e5 21. c7 Qd7 22. f4 Qe6 23. f5 gxf5 24. Qg5+ Kh8 25. exf5 Qe7 26. c8=Q 1-0

[Event "CUB-ch 1/2 final"]
[Site "Villa Clara"]
[Date "1995.11.17"]
[Round "2"]
[White "Paneque, P"]
[Black "Valdes, Lu"]
[Result "0-1"]
[WhiteElo "2415"]
[BlackElo "2305"]

1. c4 f5 2. g3 Nf6 3. Bg2 g6 4. Nc3 Bg7 5. e3 O-O 6. Nge2 d6 7. O-O e5 8.
d4 Qe8 9. b4 a6 10. a4 Nc6 11. b5 axb5 12. cxb5 Na5 13. Ba3 Rf7 14. Bb4 Bf8
15. Rc1 e4 16. Nf4 c6 17. Re1 Bd7 18. Bf1 d5 19. Bxf8 Qxf8 20. h4 Qa3 21.
Qc2 Rg7 22. Rb1 h6 23. bxc6 bxc6 24. Qb2 Qxb2 25. Rxb2 g5 26. Ng2 Kf7 27.
Reb1 Rgg8 28. Rb6 Rgc8 29. Ba6 Rc7 30. Be2 Ke7 31. Rc1 Rb7 32. Rxb7 Nxb7
33. hxg5 hxg5 34. Rb1 Na5 35. Kf1 Ne8 36. Ne1 Nd6 37. Nc2 Ndc4 38. Bxc4
Nxc4 39. Rb7 Kd6 40. Na1 f4 41. exf4 gxf4 42. gxf4 Rg8 43. Ne2 Nd2+ 44. Ke1
Nf3+ 45. Kd1 Nxd4 46. Nxd4 Rg1+ 47. Kd2 Rxa1 48. Ra7 Ra2+ 49. Ke1 Bg4 50.
Nb3 Re2+ 51. Kf1 Rb2 52. Na5 Be2+ 53. Ke1 d4 54. Rb7 Ra2 55. Nb3 c5 56.
Nxc5 Bf3 57. Nb3 Re2+ 58. Kf1 Rb2 59. Ke1 Re2+ 60. Kf1 Rb2 61. Ke1 d3 62.
Rb6+ Kc7 63. Rb5 Re2+ 64. Kf1 Rc2 65. Kg1 Rb2 66. f5 Kd6 67. f6 Rxb3 68.
Rxb3 d2 69. Rb1 Ke6 70. a5 d1=Q+ 71. Rxd1 Bxd1 72. Kf1 Bb3 73. Ke2 Bd5 74.
Ke3 Kxf6 75. Kd4 Ke6 0-1

[Event "CUB-ch 1/2 final"]
[Site "Villa Clara"]
[Date "1995.11.17"]
[Round "2"]
[White "Foyo, R"]
[Black "Gonzales, R"]
[Result "0-1"]
[WhiteElo "2260"]
[BlackElo "2390"]

1. e4 c5 2. Nf3 Nc6 3. d4 cxd4 4. Nxd4 e5 5. Nb5 d6 6. c4 Be7 7. Be2 Be6 8.
O-O a6 9. N5a3 Nd4 10. Nc3 Nf6 11. Be3 Nxe2+ 12. Qxe2 O-O 13. f3 Rc8 14.
Rac1 Qa5 15. Qf2 Qb4 16. Nd5 Nxd5 17. cxd5 Bd7 18. Bd2 Qxb2 19. Nc4 Qxa2
20. Nb6 Rxc1 21. Rxc1 Bb5 22. Nc8 Re8 23. Nxe7+ Rxe7 24. Bb4 Qxf2+ 25. Kxf2
f6 26. Bxd6 Rd7 27. Bc7 Kf7 28. Ke3 h5 29. h4 Bc6 30. Bxe5 Bxd5 31. exd5
fxe5 32. Ke4 Kf6 33. g4 a5 34. g5+ Ke7 35. Kxe5 b5 36. f4 a4 37. Rd1 a3 38.
d6+ Ke8 39. Kd5 b4 40. Kc4 Rb7 41. Kb3 Rb5 42. Rf1 Kd7 43. Rd1 Rb6 44. Rd4
Ra6 45. Rd1 Rxd6 46. Rf1 Rd4 47. f5 Rxh4 48. f6 gxf6 49. Rxf6 Rg4 50. g6
Ke7 51. Rf2 h4 52. g7 Rxg7 53. Kxb4 Rg3 54. Rh2 h3 55. Kc4 Ke6 56. Kd4 Kf5
57. Rf2+ Kg4 58. Ke4 Rb3 59. Rf8 h2 60. Rg8+ Kh3 0-1

[Event "CUB-ch 1/2 final"]
[Site "Villa Clara"]
[Date "1995.11.17"]
[Round "2"]
[White "Diaz, A"]
[Black "Hernandez, Ama"]
[Result "0-1"]
[WhiteElo "2330"]
[BlackElo "2205"]

1. c4 e5 2. Nc3 Nf6 3. Nf3 Nc6 4. g3 Bc5 5. Bg2 d6 6. O-O O-O 7. d3 a6 8.
a3 Ba7 9. b4 Nd4 10. Nd2 c6 11. h3 Nf5 12. Kh2 h6 13. Bb2 Re8 14. Rc1 Nh7
15. Nb3 Qg5 16. c5 d5 17. e4 dxe4 18. Nxe4 Qg6 19. Na5 Bb8 20. Qe2 Rd8 21.
Rfe1 f6 22. Rcd1 Qf7 23. Nc4 Be6 24. Nb6 Ra7 25. Ra1 a5 26. Bc3 Nd4 27.
Bxd4 Rxd4 28. Qd2 f5 29. Nd6 Bxd6 30. cxd6 e4 31. bxa5 Rxd6 32. Qf4 Rd8 33.
dxe4 Rxa5 34. exf5 Rxf5 35. Qe3 Re8 36. f4 Nf6 37. Qd4 Rb5 38. g4 Qc7 39.
Nc4 Rd8 40. Qc3 Qxf4+ 0-1

[Event "CUB-ch 1/2 final"]
[Site "Villa Clara"]
[Date "1995.11.17"]
[Round "2"]
[White "Charon, M"]
[Black "De la Paz, F"]
[Result "0-1"]
[WhiteElo "2215"]
[BlackElo "2330"]

1. e4 e5 2. Nf3 Nc6 3. Bc4 Bc5 4. O-O Nf6 5. d3 d6 6. c3 Bb6 7. Nbd2 Ne7 8.
d4 Ng6 9. Bd3 c6 10. Nc4 Bc7 11. dxe5 dxe5 12. h3 O-O 13. Bc2 Qe7 14. Nh2
h6 15. Qf3 Nh4 16. Qe2 Ng6 17. Qf3 Nh7 18. Be3 Be6 19. Nd2 f5 20. exf5 Nh4
21. Qe2 Nxf5 22. Ne4 Nxe3 23. Qxe3 Bb6 24. Qg3 Bc4 25. Bb3 Bxb3 26. axb3
Rf4 27. Rae1 Qe6 28. Nd2 Raf8 29. Ng4 h5 30. Rxe5 Qg6 31. Ne3 Qf7 32. Ndc4
h4 33. Qh2 Rxf2 0-1

[Event "CUB-ch 1/2 final"]
[Site "Villa Clara"]
[Date "1995.11.18"]
[Round "3"]
[White "Alonso, Re"]
[Black "Charon, M"]
[Result "1/2-1/2"]
[WhiteElo "2410"]
[BlackElo "2215"]

1. d4 Nf6 2. c4 c5 3. Nf3 g6 4. g3 Bg7 5. Bg2 cxd4 6. Nxd4 Nc6 7. O-O O-O
8. Nc3 Nxd4 9. Qxd4 d6 10. Qd3 a6 11. Bd2 Rb8 12. Rac1 Ng4 13. e4 b5 14.
cxb5 axb5 15. b3 Bd7 16. Nd5 Ne5 17. Qb1 Nc6 18. Bg5 Re8 19. Rfd1 h6 20.
Be3 b4 21. Rc4 Rb7 22. h3 Qb8 23. Qc1 Ne5 24. Rc2 e6 25. Nf4 Bb5 26. Rcd2
Rc8 27. Qb1 Bf8 28. Ne2 Nc6 29. f4 Bxe2 30. Rxe2 Na7 31. Bd2 Nb5 32. Bxb4
Qa7+ 33. Rf2 Nd4 34. Be1 Ne2+ 35. Kh2 Nc3 36. Qd3 Nxd1 37. Qxd1 Rbc7 38.
Rd2 Rc1 39. Qe2 Qc7 40. f5 Rc2 41. fxg6 fxg6 42. Rxc2 Qxc2 43. Qg4 Kh7 44.
Qxe6 Bg7 45. a4 Rb8 46. Qxd6 Rxb3 47. Qd2 Qb1 48. e5 Bxe5 49. h4 h5 50. a5
Rb2 51. Qd7+ Bg7 52. Bc3 Rxg2+ 53. Kxg2 Qc2+ 54. Bd2 Qe4+ 55. Kf2 Kg8 56.
Qc8+ Kh7 57. Be3 Qh1 58. Qc7 Qh2+ 59. Kf3 Qh1+ 60. Kf2 Qh2+ 1/2-1/2

[Event "CUB-ch 1/2 final"]
[Site "Villa Clara"]
[Date "1995.11.18"]
[Round "3"]
[White "Vega, L"]
[Black "Diaz, A"]
[Result "1/2-1/2"]
[WhiteElo "2270"]
[BlackElo "2330"]

1. e4 c5 2. Nf3 Nc6 3. d4 cxd4 4. Nxd4 Nf6 5. Nc3 e5 6. Ndb5 d6 7. Nd5 Nxd5
8. exd5 Ne7 9. c3 Nf5 10. a4 Be7 11. Bd3 O-O 12. O-O a6 13. Na3 Nh4 14. f4
f5 15. g3 Ng6 16. Nc4 exf4 17. gxf4 Nh4 18. Be3 Qe8 19. Rf2 Bd8 20. Qd2 Rf6
21. Bd4 Rg6+ 22. Kf1 Bd7 23. a5 Bb5 24. Qe2 Qf7 25. Ne3 Bd7 26. Ng2 Rh6
1/2-1/2

[Event "CUB-ch 1/2 final"]
[Site "Villa Clara"]
[Date "1995.11.18"]
[Round "3"]
[White "Sariego, W"]
[Black "Nunez, An"]
[Result "1/2-1/2"]
[WhiteElo "2420"]
[BlackElo "2270"]

1. e4 c5 2. c3 d5 3. exd5 Qxd5 4. d4 Nf6 5. Nf3 cxd4 6. cxd4 e6 7. Nc3 Qd8
8. Bd3 Nc6 9. a3 Be7 10. O-O O-O 11. Re1 b6 12. Ne5 Bb7 13. Ba6 Qc8 14.
Bxb7 Qxb7 15. Nxc6 Qxc6 16. d5 Qc4 17. dxe6 fxe6 18. Qe2 Qxe2 19. Rxe2 Kf7
20. Bd2 Rfd8 21. Rae1 Rac8 22. Kf1 Rc6 1/2-1/2